Catálogo

Introducing moral theology : (Registro nro. 67208)

Detalles MARC
000 -LEADER
fixed length control field 00783nam a2200241 u 4500
001 - CONTROL NUMBER
control field 67208
005 - DATE AND TIME OF LATEST TRANSACTION
control field 20221207114159.0
008 - FIXED-LENGTH DATA ELEMENTS--GENERAL INFORMATION
fixed length control field 170421s2008 xxu r 000 0 eng d
020 ## - INTERNATIONAL STANDARD BOOK NUMBER
International Standard Book Number 9781587432231
040 ## - CATALOGING SOURCE
Description conventions rda
041 0# - LANGUAGE CODE
Language code of text/sound track or separate title eng
082 0# - DEWEY DECIMAL CLASSIFICATION NUMBER
Classification number 241.042
Item number MAT
100 1# - MAIN ENTRY--PERSONAL NAME
Personal name Mattison, William C.,
Titles and words associated with a name III,
Dates associated with a name 1971-
Relator term autor
9 (RLIN) 4209
245 10 - TITLE STATEMENT
Title Introducing moral theology :
Remainder of title true happiness and virtues /
Statement of responsibility, etc. William C. Mattison III.
250 ## - EDITION STATEMENT
Edition statement [First edition]
264 #1 - PRODUCTION, PUBLICATION, DISTRIBUTION, MANUFACTURE, AND COPYRIGHT NOTICE
Place of production, publication, distribution, manufacture United States of America :
Name of producer, publisher, distributor, manufacturer Brazos Press,
Date of production, publication, distribution, manufacture, or copyright notice 2008
300 ## - PHYSICAL DESCRIPTION
Extent 429 páginas ;
Dimensions 23 cm.
336 ## - CONTENT TYPE
Content type term texto
Source rdacontent
Content type code txt
337 ## - MEDIA TYPE
Media type term sin medio
Source rdamedia
Media type code n
338 ## - CARRIER TYPE
Carrier type term volumen
Source rdacarrier
Carrier type code nc
650 #4 - SUBJECT ADDED ENTRY--TOPICAL TERM
Topical term or geographic name entry element Ética cristiana
General subdivision Autores católicos
942 ## - ADDED ENTRY ELEMENTS (KOHA)
Classification part 241.042
Item part MAT
Koha item type Libro
Existencias
Withdrawn status Lost status Source of classification or shelving scheme Damaged status Not for loan Collection code Home library Current library Shelving location Date acquired Source of acquisition Total Checkouts Full call number Barcode Checked out Date last seen Date last checked out Price effective from Koha item type
    Dewey Decimal Classification     Magisterial Biblioteca Karol Wojtyla Biblioteca Karol Wojtyla Módulo de circulación 21/04/2017 Compra 1 241.042 MAT 2008 97576 17/05/2017 17/05/2017 17/05/2017 14/06/2017 Magisterial